000 00827nam a2200265Ia 4500
003 OSt
005 20221005092552.0
006 a|||||r|||| 00| 0
007 ta
008 221004b |||||||| |||| 00| 0 eng d
020 _a9781138735989 (hbk)
_cUKP 115.00
024 _a44948
037 _b1594, 14/01/2019, Bright Book Service
_cTextual
040 _aCRL
_cCRL
_beng
041 _2eng
_aeng
082 _aW:5, Q8
100 _aWiesner Claudia Ed.
_9444621
245 0 _aShaping citizenship
_b a political concept in theory, debate and practice
260 _aNew York
_bRoutledge USA
_c2018
300 _axi,230p.
_ccm.
650 _a POLITICAL SCIENCE
650 _aCITIZENSHIP
942 _hW:5, Q8
_cTEXL
_2cc
999 _c999043
_d999043